Arcane Character by the Picture - Statistics

General Stats
  • This quiz has been taken 51 times
  • The average score is 19 of 25
Answer Stats
Picture Answer % Correct
jinx
100%
vi
100%
powder
98%
caitlyn
95%
ekko
95%
silco
93%
vander
93%
jayce
90%
mel
90%
viktor
90%
heimerdinger
80%
ambessa
78%
sevika
78%
isha
75%
maddie
75%
claggor
70%
mylo
68%
warwick
65%
sky
60%
marcus
58%
benzo
55%
singed
55%
grayson
45%
kino
35%
finn
33%
No matching quizzes found
Score Distribution
Percent of People with Each Score
Percentile by Number Answered
Your Score History
You have not taken this quiz